Interpretácia odborného textu v cudzojazyčnom vzdelávaní

Výučba aplikovaných jazykov sa musí prispôsobovať potrebám reálnych používateľov jazyka. Správny didaktický prístup spočíva v snahe rozvíjať jazykové, ale zároveň aj komunikačno-interpretačné kompetencie učiacich sa. V multikultúrnom svete sa k nim pripája nutnosť poznania a rešpektovania interkult...

ver descrição completa

Na minha lista:
Detalhes bibliográficos
Autor principal: Rizeková, Iveta, 1961-
Formato: Capítulo de Livro
Idioma:eslovaco
Assuntos:
Tags: Adicionar Tag
Sem tags, seja o primeiro a adicionar uma tag!

MARC

LEADER 00000naa$a2200000$$$4500
001 0113273
005 20240502083300.3
041 0 |a slo 
044 |a FR 
245 1 0 |a Interpretácia odborného textu v cudzojazyčnom vzdelávaní  |c Iveta Rizeková 
520 |a Výučba aplikovaných jazykov sa musí prispôsobovať potrebám reálnych používateľov jazyka. Správny didaktický prístup spočíva v snahe rozvíjať jazykové, ale zároveň aj komunikačno-interpretačné kompetencie učiacich sa. V multikultúrnom svete sa k nim pripája nutnosť poznania a rešpektovania interkultúrnych aspektov dorozumievania sa v profesionálnej sfére. 
610 2 0 |a jazykoveda 
610 2 0 |a jazyky cudzie 
610 2 0 |a vyučovanie 
100 1 |a Rizeková, Iveta, 1961-